केमाल पाशा (Record no. 427662)

MARC details
000 -LEADER
fixed length control field 00443nam a2200145Ia 4500
008 - FIXED-LENGTH DATA ELEMENTS--GENERAL INFORMATION
fixed length control field 100122s9999 xx 000 0 und d
082 ## - DEWEY DECIMAL CLASSIFICATION NUMBER
Item number 49821
Classification number 923.247
100 ## - MAIN ENTRY--PERSONAL NAME
Personal name आठवले सदाशिव
245 ## - TITLE STATEMENT
Title केमाल पाशा
260 ## - PUBLICATION, DISTRIBUTION, ETC. (IMPRINT)
Name of publisher, distributor, etc श्रीविद्या प्रकाशन
Date of publication, distribution, etc 1994
300 ## - PHYSICAL DESCRIPTION
Extent 270
630 ## - SUBJECT ADDED ENTRY--UNIFORM TITLE
Uniform title केमाल पाशा
730 ## - ADDED ENTRY--UNIFORM TITLE
Uniform title केमाल पाशा
942 ## - ADDED ENTRY ELEMENTS (KOHA)
Koha item type Book
Holdings
Withdrawn status Lost status Damaged status Not for loan Home library Current library Date acquired Cost, normal purchase price Total Checkouts Full call number Barcode Date last seen Cost, replacement price Price effective from Koha item type Public note
        S.V. Pathak Library, Vile Parle S.V. Pathak Library, Vile Parle 06/29/1994 200.00   49821 SVPPARLE-49821 01/25/2010 200.00 01/25/2010 Book General NA